[Event "49th Bosna it"]
[Site "Sarajevo BIH"]
[Date "2019.05.01"]
[Round "7.21"]
[White "Kanyamarala, Tarun"]
[Black "Hadzovic, Amir"]
[Result "1/2-1/2"]
[WhiteElo "2070"]
[BlackElo "2258"]
[EventDate "2019.04.27"]
[PlyCount "87"]

1.d4 Nf6 2.Nf3 g6 3.c4 Bg7 4.g3 d6 5.Bg2 c6 6.O-O Qa5 7.Nc3 Qh5 8.Qb3 O-O 
9.Rd1 b6 10.Nh4 g5 11.Nf3 h6 12.h4 Nh7 13.c5 Bf6 14.Ne4 Be6 15.Qc2 d5 16.
Nxf6+ exf6 17.cxb6 axb6 18.Bd2 Re8 19.b4 Nd7 20.a4 f5 21.hxg5 hxg5 22.a5 
b5 23.Ne5 Nhf6 24.Bf3 g4 25.Bg2 Ne4 26.Nxd7 Bxd7 27.Bf4 f6 28.f3 Ng5 29.
Kf2 Kg7 30.Rh1 Qg6 31.Qc5 Qf7 32.Qd6 Qe6 33.Qxe6 Nxe6 34.e3 Rh8 35.Rxh8 
Kxh8 36.Bf1 Kg7 37.fxg4 fxg4 38.Bd3 Nxf4 39.gxf4 f5 40.Kg3 Kg6 41.Rh1 Re8 
42.Kf2 Bc8 43.Rc1 Bd7 44.Rh1 1/2-1/2

[Event "49th Bosna it"]
[Site "Sarajevo BIH"]
[Date "2019.05.01"]
[Round "7.22"]
[White "Jovovic, Milan"]
[Black "Muratovic, Efim"]
[Result "0-1"]
[WhiteElo "2065"]
[BlackElo "2400"]
[EventDate "2019.04.27"]
[PlyCount "62"]

1.d4 Nf6 2.Bf4 e6 3.e3 b6 4.Nd2 Bb7 5.c3 Be7 6.h3 d6 7.Ngf3 Nbd7 8.a4 O-O 
9.Be2 e5 10.Bh2 e4 11.Ng1 d5 12.h4 Ne8 13.h5 g5 14.g4 Bd6 15.Nf1 Bxh2 16.
Rxh2 Nd6 17.h6 Qe7 18.Rh5 a6 19.Nh3 f6 20.Ng3 Kh8 21.Kd2 c5 22.Qf1 cxd4 
23.cxd4 Rfc8 24.f4 Nc4+ 25.Bxc4 Qb4+ 26.Kc2 Rxc4+ 27.Kb1 Rac8 28.Ne2 Rc2 
29.Ra2 Qd2 30.Nhg1 Qd3 31.Ka1 Rd2 0-1

[Event "49th Bosna it"]
[Site "Sarajevo BIH"]
[Date "2019.05.01"]
[Round "7.24"]
[White "Galic, Zeljko"]
[Black "Zenelaj, Fisnik"]
[Result "1-0"]
[WhiteElo "2293"]
[BlackElo "1933"]
[EventDate "2019.04.27"]
[PlyCount "60"]

1.c4 e5 2.Nf3 d6 3.Nc3 f5 4.d4 e4 5.Ng5 Be7 6.Nh3 Nf6 7.g3 O-O 8.Bg2 Be6 
9.d5 Bf7 10.Ng5 Nbd7 11.O-O Ng4 12.Ne6 Bxe6 13.dxe6 Nc5 14.f3 exf3 15.exf3
Nf6 16.Re1 c6 17.b4 Na6 18.a3 h6 19.Qd3 Qe8 20.Bh3 Qh5 21.Bxf5 Qe8 22.Bg6 
Qd8 23.Bf7+ Kh8 24.Bf4 Nc7 25.Rad1 d5 26.Qg6 a5 27.b5 cxb5 28.cxd5 Ncxd5 
29.Bxh6 Rxf7 30.exf7 Qb6+ 1-0

[Event "49th Bosna it"]
[Site "Sarajevo BIH"]
[Date "2019.05.01"]
[Round "7.25"]
[White "Kozarcanin, Sead"]
[Black "Rasidovic, Sead"]
[Result "0-1"]
[WhiteElo "1976"]
[BlackElo "2225"]
[EventDate "2019.04.27"]
[PlyCount "48"]

1.b3 d5 2.Bb2 c5 3.Nf3 Nc6 4.d3 f6 5.Nbd2 e5 6.g3 Nge7 7.Bg2 Bg4 8.c4 Qd7 
9.cxd5 Nxd5 10.h3 Be6 11.Rc1 Ndb4 12.a3 Na6 13.Ne4 Be7 14.h4 O-O 15.O-O 
Rac8 16.Nfd2 Nd4 17.Re1 Rfd8 18.Bxd4 cxd4 19.Rxc8 Rxc8 20.Qb1 Bxa3 21.Nc4 
Bb4 22.Rc1 Nc7 23.Qa2 b5 24.Na5 Nd5 0-1

[Event "49th Bosna it"]
[Site "Sarajevo BIH"]
[Date "2019.05.01"]
[Round "7.26"]
[White "Alihodzic, Muzafer"]
[Black "Dedic, Nedzad"]
[Result "0-1"]
[WhiteElo "2147"]
[BlackElo "1932"]
[EventDate "2019.04.27"]
[PlyCount "98"]

1.e4 e5 2.Nc3 Nc6 3.g3 Bc5 4.Bg2 d6 5.h3 Nge7 6.Nge2 a6 7.O-O f5 8.d3 O-O 
9.Kh2 Ng6 10.f4 exf4 11.exf5 fxg3+ 12.Nxg3 Nh4 13.Bd5+ Kh8 14.Qh5 g6 15.
fxg6 Nxg6 16.Bg5 Nce7 17.Be4 Rxf1 18.Rxf1 Qd7 19.Rf8+ Nxf8 20.Bf6+ Kg8 21.
Qg5+ Nfg6 22.d4 Qxh3+ 23.Kg1 Bg4 24.Nh1 Bb6 25.Nd5 Nxd5 26.Bxd5+ Be6 27.
Nf2 Qh4 28.Bxe6+ Kf8 29.Qxh4 Nxh4 30.Bxh4 Bxd4 31.c3 Re8 32.Bd7 Re1+ 33.
Kg2 Bxf2 34.Bxf2 Re2 35.b3 Rxa2 36.Kf3 Ra3 37.Be6 Ke7 38.Bg8 a5 39.Be1 h5 
40.Ke2 a4 41.b4 Ra1 42.Bh4+ Kd7 43.c4 c6 44.Bf7 Rh1 45.Bf6 a3 46.c5 d5 47.
Kf2 a2 48.Kg2 a1=Q 49.Bxa1 Rxa1 0-1

[Event "49th Bosna it"]
[Site "Sarajevo BIH"]
[Date "2019.05.01"]
[Round "7.27"]
[White "Kajevic, Dzevad"]
[Black "Jerkovic, Maroje"]
[Result "0-1"]
[WhiteElo "1925"]
[BlackElo "2145"]
[EventDate "2019.04.27"]
[PlyCount "108"]

1.d4 f5 2.Bf4 Nf6 3.c4 e6 4.Nf3 Be7 5.Nc3 O-O 6.e3 b6 7.h3 Bb7 8.Be2 Ne4 
9.Rc1 Nxc3 10.bxc3 d6 11.h4 Bf6 12.Bg5 Nd7 13.Qb3 Qe7 14.a4 a5 15.Rh3 Kh8 
16.Bxf6 Rxf6 17.g3 e5 18.Ng5 f4 19.Qb1 Nf8 20.Kd2 fxe3+ 21.fxe3 exd4 22.
cxd4 Re8 23.g4 h6 24.d5 Kg8 25.Rch1 Rf2 26.Ke1 Rxe2+ 27.Kxe2 hxg5 28.hxg5 
Qxg5 29.Rh8+ Kf7 30.Rf1+ Ke7 31.Qe4+ Qe5 32.Qf3 Qb2+ 33.Ke1 Qc3+ 34.Kd1 
Qf6 35.Qe4+ Qe5 36.Qf3 Nd7 37.Qf7+ Kd8 38.Rxe8+ Qxe8 39.Qxg7 c6 40.Rh1 Kc7
41.Rh7 cxd5 42.Qf7 Qxf7 43.Rxf7 dxc4 44.g5 Be4 45.Kd2 Kc6 46.Kc3 Nc5 47.
Rg7 d5 48.g6 Nxa4+ 49.Kd4 c3 50.Rg8 Bxg6 51.Rxg6+ Kb5 52.Rg2 Kb4 53.Kxd5 
Kb3 54.e4 c2 0-1

[Event "49th Bosna it"]
[Site "Sarajevo BIH"]
[Date "2019.05.01"]
[Round "7.28"]
[White "Bucan, Eldin"]
[Black "Korjenic, Esef"]
[Result "1-0"]
[WhiteElo "2135"]
[BlackElo "1922"]
[EventDate "2019.04.27"]
[PlyCount "91"]

1.e4 c5 2.Nf3 Nc6 3.d4 cxd4 4.Nxd4 d6 5.Nc3 g6 6.Be3 Bg7 7.Qd2 Nf6 8.f3 
O-O 9.O-O-O Bd7 10.g4 Nxd4 11.Bxd4 Ne8 12.h4 h6 13.Bc4 Rc8 14.Bb3 a5 15.
Bxg7 Kxg7 16.a4 Rc5 17.g5 h5 18.f4 Bc6 19.Qd4+ Nf6 20.gxf6+ exf6 21.Qxd6 
Qxd6 22.Rxd6 f5 23.Bd5 fxe4 24.Bxc6 bxc6 25.Rd4 f5 26.Rg1 Rf6 27.Rg5 Re6 
28.Kd2 Kf7 29.Ke3 Kg7 30.Rg1 Kf7 31.Rgd1 Re7 32.Rd6 Rc4 33.Rg1 Rb7 34.
Rgxg6 Rxb2 35.Ke2 e3 36.Kd3 Rxf4 37.Rxc6 Rxh4 38.Rgf6+ Kg7 39.Nd5 Rb7 40.
Rxf5 Rxa4 41.Rg5+ Kh7 42.Rxh5+ Kg7 43.Rg5+ Kh7 44.Kxe3 Ra1 45.Rcg6 Re1+ 
46.Kd2 1-0

[Event "49th Bosna it"]
[Site "Sarajevo BIH"]
[Date "2019.05.01"]
[Round "7.29"]
[White "Strinic, Halid"]
[Black "Culum, Sanjin"]
[Result "1/2-1/2"]
[WhiteElo "2124"]
[BlackElo "1864"]
[EventDate "2019.04.27"]
[PlyCount "102"]

1.e4 c5 2.Nf3 e6 3.d4 cxd4 4.Nxd4 a6 5.Bd3 Qc7 6.O-O Nf6 7.Be3 Be7 8.c4 
O-O 9.Nc3 b6 10.Rc1 d6 11.f4 Bb7 12.f5 e5 13.Nc2 Nbd7 14.b4 Rfc8 15.Bf2 
Bc6 16.Ne3 Qb7 17.Ncd5 Bxd5 18.cxd5 b5 19.Qb3 Nb6 20.g4 Na4 21.h4 Rc7 22.
g5 Nh5 23.Be2 Nf4 24.Bg4 f6 25.gxf6 Bxf6 26.Rc6 Kh8 27.Rfc1 Rac8 28.Qc2 
Rxc6 29.dxc6 Qe7 30.c7 h5 31.Bf3 Bxh4 32.Nd5 Qg5+ 33.Kf1 Bxf2 34.Kxf2 Nd3+
35.Qxd3 Qxc1 36.Bxh5 Rxc7 37.Nxc7 Qxc7 38.Bg6 Kg8 39.Qd5+ Kf8 40.Kg3 Nb6 
41.Qd2 Qd8 42.Kg4 Qf6 43.Qf2 Nc8 44.Qh2 Ke7 45.Qc2 Kd7 46.Be8+ Kxe8 47.
Qxc8+ Kf7 48.Qxa6 Qh6 49.Qb7+ Kf6 50.Qd5 Qf4+ 51.Kh3 Qf3+ 1/2-1/2

[Event "49th Bosna it"]
[Site "Sarajevo BIH"]
[Date "2019.05.01"]
[Round "7.30"]
[White "Pistalovic, Slobodan"]
[Black "Maksimovic, Masa"]
[Result "0-1"]
[WhiteElo "1865"]
[BlackElo "2107"]
[EventDate "2019.04.27"]
[PlyCount "69"]

1.e4 g6 2.d4 Bg7 3.Nf3 d6 4.Nc3 a6 5.Bc4 b5 6.Be2 Nd7 7.O-O Bb7 8.a3 c5 9.
Re1 cxd4 10.Nxd4 Ngf6 11.f3 O-O 12.Be3 Rc8 13.Qd2 Re8 14.Kh1 Nb6 15.Rad1 
Nfd7 16.Bh6 Bh8 17.Bg5 Qc7 18.Be3 Ne5 19.Nb3 Nec4 20.Bxb6 Nxb6 21.Nd4 Nc4 
22.Bxc4 Qxc4 23.Qd3 b4 24.axb4 Qxb4 25.Nce2 Qc5 26.c3 Rcd8 27.b4 Qb6 28.
Rb1 d5 29.Qc2 dxe4 30.fxe4 Rc8 31.Rbd1 Rc4 32.Qb3 Rec8 33.Rc1 Bxe4 34.Nf4 
Qb7 35.Nde2 0-1

[Event "49th Bosna it"]
[Site "Sarajevo BIH"]
[Date "2019.05.01"]
[Round "7.31"]
[White "Petrovic, Marija"]
[Black "Sajin, Mladen"]
[Result "0-1"]
[WhiteElo "2068"]
[BlackElo "1790"]
[EventDate "2019.04.27"]
[PlyCount "100"]

1.Nf3 d5 2.g3 Nf6 3.Bg2 c5 4.O-O Nc6 5.d4 Bf5 6.c3 e6 7.Qa4 Be7 8.dxc5 
Bxc5 9.b4 Bb6 10.b5 Ne7 11.Ba3 O-O 12.Nbd2 Ne4 13.Nxe4 Bxe4 14.Rfd1 Qc7 
15.Rac1 Rfc8 16.Nd2 Bxg2 17.Kxg2 Nf5 18.Nf3 a6 19.Bb4 Qc4 20.Qc2 axb5 21.
a3 h5 22.h3 Qc7 23.Qd3 Bxf2 24.Kxf2 Qxg3+ 25.Kf1 Rc4 26.Rb1 Re4 27.Bc5 
Qxh3+ 28.Ke1 Ng3 29.Ng1 Qg2 30.Kd2 Rc4 31.Bb4 Ne4+ 32.Kc2 d4 33.Qf3 Qg6 
34.Qd3 Rac8 35.Rb3 Qg2 36.Qf3 Qg6 37.Qd3 f5 38.Rf1 Nxc3 39.Kb2 Na4+ 40.Kb1
Qg2 41.Qf3 Qg5 42.e3 Qg6 43.Ne2 dxe3 44.Qxe3 Re4 45.Qd3 Qg4 46.Nc1 Rec4 
47.Qe3 f4 48.Qe5 Rxc1+ 49.Rxc1 Qg6+ 50.Ka2 Rxc1 0-1

[Event "49th Bosna it"]
[Site "Sarajevo BIH"]
[Date "2019.05.01"]
[Round "7.32"]
[White "Colpa, Fahrudin"]
[Black "Bunjo, Adnan"]
[Result "0-1"]
[WhiteElo "1848"]
[BlackElo "1974"]
[EventDate "2019.04.27"]
[PlyCount "94"]

1.e4 c6 2.c4 d6 3.d4 Qc7 4.Nc3 e5 5.d5 f5 6.Bd3 f4 7.g3 fxg3 8.hxg3 Nf6 9.
f4 Bg4 10.Be2 h5 11.Nf3 Bxf3 12.Bxf3 g6 13.f5 Qf7 14.g4 Nbd7 15.g5 Ng8 16.
fxg6 Qg7 17.dxc6 bxc6 18.Qa4 Ne7 19.Be3 Qxg6 20.O-O-O a5 21.Qa3 d5 22.Bc5 
d4 23.Na4 Rb8 24.Rdg1 Qf7 25.Qd3 h4 26.Bg4 Ng6 27.Bxf8 Ndxf8 28.Nc5 Nf4 
29.Qc2 Qe7 30.Nd3 N8g6 31.Bf5 Nxd3+ 32.Qxd3 Nf4 33.Qc2 d3 34.Qa4 Qc5 35.b3
Rb4 36.g6 Rxa4 37.g7 Rxc4+ 38.Kb1 Rg8 39.Bh7 Kf7 40.Bxg8+ Kxg8 41.bxc4 h3 
42.Rg4 Qf2 43.Rgg1 Qc2+ 44.Ka1 d2 45.a3 Qc3+ 46.Ka2 Nd3 47.Rb1 Nc1+ 0-1

[Event "49th Bosna it"]
[Site "Sarajevo BIH"]
[Date "2019.05.01"]
[Round "7.33"]
[White "Medic, Nevenko"]
[Black "Strinic, Hamdija"]
[Result "1/2-1/2"]
[WhiteElo "1983"]
[BlackElo "1751"]
[EventDate "2019.04.27"]
[PlyCount "112"]

1.d4 g6 2.c4 d6 3.g3 Bg7 4.Bg2 c6 5.Nc3 Nd7 6.Nf3 Ngf6 7.O-O O-O 8.e4 e5 
9.dxe5 dxe5 10.Qc2 Qe7 11.h3 Nh5 12.Nh4 Nc5 13.Be3 Ne6 14.Ne2 Nd4 15.Nxd4 
exd4 16.Bd2 c5 17.Rae1 Be6 18.Qd3 Qd7 19.g4 Nf6 20.f4 b5 21.b3 bxc4 22.
bxc4 Qa4 23.Rc1 Rab8 24.f5 Bc8 25.Bf4 Rb2 26.e5 Nd7 27.f6 Bh8 28.Bd5 Nb6 
29.Bh6 Re8 30.Nxg6 Nxd5 31.cxd5 Qxa2 32.Qe4 Bxf6 33.Rxf6 Bb7 34.Rxf7 Rg2+ 
35.Qxg2 Qxg2+ 36.Kxg2 Bxd5+ 37.Kg3 Bxf7 38.Nh4 Rxe5 39.Nf5 d3 40.Bf4 Re2 
41.Rxc5 Be6 42.Nd4 Re1 43.Nxe6 Rxe6 44.Rd5 a5 45.Rxa5 Re1 46.Rd5 Rd1 47.
Rd7 Kf8 48.Rxh7 d2 49.Rd7 Rg1+ 50.Kh4 d1=Q 51.Rxd1 Rxd1 52.Kh5 Kg8 53.g5 
Rg1 54.h4 Kh7 55.Bh2 Rg2 56.Be5 Rg1 1/2-1/2

[Event "49th Bosna it"]
[Site "Sarajevo BIH"]
[Date "2019.05.01"]
[Round "7.34"]
[White "Manic, Mujo"]
[Black "Sabic, Muris"]
[Result "0-1"]
[WhiteElo "1754"]
[BlackElo "1963"]
[EventDate "2019.04.27"]
[PlyCount "144"]

1.d4 Nf6 2.c4 e6 3.Nc3 Bb4 4.Bg5 h6 5.Bh4 c5 6.e3 Qa5 7.Qc2 Ne4 8.Ne2 f5 
9.f3 Nd6 10.Nc1 cxd4 11.exd4 Nc6 12.Nb3 Bxc3+ 13.bxc3 Qa4 14.Qd3 Nf7 15.
Be2 b6 16.O-O Ba6 17.Nd2 Na5 18.Rfe1 O-O 19.Bd1 Qc6 20.Bb3 Rfe8 21.d5 Qc8 
22.Bg3 Qb7 23.Qd4 Rac8 24.Rab1 Rc5 25.dxe6 dxe6 26.Ba4 Re7 27.Bb3 e5 28.
Qd3 Qc8 29.Bf2 Rcc7 30.Nf1 Bxc4 31.Bxc4 Nxc4 32.Ng3 Ncd6 33.Rbc1 g6 34.h3 
Nc4 35.Qd5 Rcd7 36.Qb5 a6 37.Qb4 b5 38.f4 e4 39.Bd4 Nd8 40.Rcd1 Ne6 41.Ne2
Nxd4 42.Nxd4 Qc7 43.g3 e3 44.a4 bxa4 45.Qxa4 Nb2 46.Qa2+ Nc4 47.Qxa6 Kh7 
48.Ne6 Rxd1 49.Rxd1 Qb6 50.Qxb6 Nxb6 51.Rd6 Nc4 52.Rc6 Nd2 53.Rc7 Rxc7 54.
Nxc7 Ne4 55.Kf1 Nxc3 56.g4 fxg4 57.hxg4 h5 58.gxh5 gxh5 59.Ne6 Kg6 60.Nd4 
h4 61.Nf3 Kh5 62.f5 h3 63.f6 Kg6 64.f7 Kg7 65.Ne1 Kxf7 66.Kg1 Ne4 67.Kh2 
Ng5 68.Kg3 Kf6 69.Nd3 Kf5 70.Ne1 Ke4 71.Nc2 Kd3 72.Nb4+ Kd2 0-1

[Event "49th Bosna it"]
[Site "Sarajevo BIH"]
[Date "2019.05.01"]
[Round "7.35"]
[White "Savanovic, Maksim"]
[Black "Vujicic, Dragisa"]
[Result "1/2-1/2"]
[WhiteElo "1846"]
[BlackElo "1922"]
[EventDate "2019.04.27"]
[PlyCount "22"]

1.d4 Nf6 2.Bf4 g6 3.Nf3 Bg7 4.e3 d6 5.h3 O-O 6.Be2 Nbd7 7.O-O b6 8.Nbd2 
Bb7 9.c3 Re8 10.a4 a5 11.Bh2 Ne4 1/2-1/2

[Event "49th Bosna it"]
[Site "Sarajevo BIH"]
[Date "2019.05.01"]
[Round "7.37"]
[White "Nukic, Farik"]
[Black "Janjic, Nikola"]
[Result "0-1"]
[WhiteElo "1731"]
[BlackElo "1878"]
[EventDate "2019.04.27"]
[PlyCount "44"]

1.d4 d5 2.Bf4 Nf6 3.e3 e6 4.Nd2 Bd6 5.Bg3 O-O 6.Bd3 c5 7.c3 Nc6 8.Ngf3 b6 
9.Ne5 Bxe5 10.dxe5 Nd7 11.f4 f5 12.exf6 Nxf6 13.Nf3 Bb7 14.Ng5 Qe7 15.e4 
h6 16.e5 hxg5 17.exf6 Qxf6 18.O-O d4 19.Qh5 Qh6 20.Qg4 gxf4 21.Bxf4 Rxf4 
22.Rxf4 Ne5 0-1

[Event "49th Bosna it"]
[Site "Sarajevo BIH"]
[Date "2019.05.01"]
[Round "7.38"]
[White "Radulov, Nevena"]
[Black "Colpa, Husein"]
[Result "1-0"]
[WhiteElo "1704"]
[BlackElo "1854"]
[EventDate "2019.04.27"]
[PlyCount "143"]

1.c4 e5 2.Nc3 Nc6 3.Nf3 Nf6 4.g3 g6 5.Bg2 Bg7 6.O-O d6 7.d4 Nd7 8.e3 O-O 
9.b3 Re8 10.Bb2 f5 11.dxe5 Ndxe5 12.Nxe5 Nxe5 13.Qd2 Nf7 14.Rad1 c6 15.
Rfe1 Bd7 16.e4 Be6 17.exf5 Bxf5 18.Rxe8+ Qxe8 19.Re1 Qd7 20.Ba3 Re8 21.Ne4
Re6 22.Nc3 h5 23.h4 Qe7 24.Rxe6 Qxe6 25.Ne2 Qe5 26.Kh2 Kh7 27.Bb4 Bh6 28.
Qd1 Qb2 29.a4 Bg4 30.f3 Bf5 31.Bc3 Qc2 32.Qe1 c5 33.Nf4 Qxb3 34.Nd5 Ne5 
35.Bxe5 dxe5 36.Qxe5 Bg7 37.Qe7 Qb2 38.Qxc5 a6 39.Qc7 Bd3 40.Qf4 b5 41.
axb5 axb5 42.cxb5 Bxb5 43.Qb4 Qe2 44.Nf4 Qe8 45.Qb1 Bd7 46.Nxh5 Bf5 47.
Nxg7 Kxg7 48.Qb7+ Kh8 49.f4 Qe2 50.Qa8+ Kg7 51.Qf3 Qc2 52.h5 Qd2 53.hxg6 
Bxg6 54.Qd5 Qc2 55.Qd7+ Bf7 56.Qd4+ Kg8 57.Qe4 Qa2 58.Qa8+ Kg7 59.Qxa2 
Bxa2 60.Kh3 Bb1 61.Kh4 Bc2 62.Kg5 Bd3 63.Bh3 Be4 64.Bf5 Bd5 65.g4 Kf7 66.
Kh6 Kf8 67.g5 Bg8 68.Kg6 Bf7+ 69.Kf6 Kg8 70.g6 Kh8 71.g7+ Kg8 72.Bh7+ 1-0

[Event "49th Bosna it"]
[Site "Sarajevo BIH"]
[Date "2019.05.01"]
[Round "7.39"]
[White "Miftari, Hedon"]
[Black "Pestek, Elvis"]
[Result "1/2-1/2"]
[WhiteElo "1621"]
[BlackElo "1995"]
[EventDate "2019.04.27"]
[PlyCount "20"]

1.c4 e6 2.Nc3 d5 3.e3 Nf6 4.Nf3 Nbd7 5.Be2 dxc4 6.Bxc4 Be7 7.O-O O-O 8.d4 
b6 9.Re1 c5 10.e4 cxd4 1/2-1/2

[Event "49th Bosna it"]
[Site "Sarajevo BIH"]
[Date "2019.05.01"]
[Round "7.41"]
[White "Lakota, Izet"]
[Black "Stanivukovic, Drago"]
[Result "0-1"]
[WhiteElo "1750"]
[BlackElo "1848"]
[EventDate "2019.04.27"]
[PlyCount "62"]

1.e4 d6 2.h3 Nf6 3.Nc3 c5 4.b3 e5 5.Nf3 Nc6 6.Bb5 Bd7 7.O-O a6 8.Be2 Nd4 
9.Re1 Bc6 10.d3 b5 11.a4 b4 12.Nb1 h6 13.Nbd2 g5 14.Nh2 h5 15.Nc4 Bh6 16.
f3 Rg8 17.Kh1 Qe7 18.Ne3 d5 19.Bd2 dxe4 20.dxe4 Rd8 21.Bd3 g4 22.hxg4 Bxe3
23.Rxe3 hxg4 24.fxg4 Rh8 25.Kg1 Qd7 26.g5 Ng8 27.c3 Ne6 28.g6 fxg6 29.cxb4
Nf4 30.Bc2 Qxd2 31.Rg3 Ne2+ 0-1

[Event "49th Bosna it"]
[Site "Sarajevo BIH"]
[Date "2019.05.01"]
[Round "7.42"]
[White "Pleh, Semir"]
[Black "Jurisic, Iskra"]
[Result "1/2-1/2"]
[WhiteElo "1829"]
[BlackElo "1748"]
[EventDate "2019.04.27"]
[PlyCount "125"]

1.c4 Nf6 2.g3 g6 3.Bg2 Bg7 4.d4 O-O 5.Nf3 d6 6.Nc3 Bf5 7.Nh4 Bd7 8.Bxb7 
Bc6 9.Bxc6 Nxc6 10.Nf3 Nd7 11.O-O Nb6 12.b3 a6 13.Bb2 e6 14.Rb1 d5 15.c5 
Nd7 16.e4 dxe4 17.Nxe4 Qe7 18.Qe2 Rfd8 19.Rbd1 Nf6 20.Nxf6+ Bxf6 21.a3 Rd5
22.Rd3 Rad8 23.Rfd1 R8d7 24.Ne5 Bxe5 25.dxe5 Qxc5 26.Rc1 Qb5 27.Re3 Qxe2 
28.Rxe2 Nd4 29.Bxd4 Rxd4 30.Rec2 Rd3 31.Rc3 Rxc3 32.Rxc3 Kf8 33.Kf1 Ke8 
34.Ke2 Kd8 35.Rc6 Rd5 36.f4 Ra5 37.a4 Kd7 38.Rc3 c6 39.Kf3 Rd5 40.Kg4 h6 
41.h4 c5 42.h5 Ke7 43.hxg6 fxg6 44.Kf3 g5 45.Ke3 Kf7 46.Rc4 Kg6 47.b4 cxb4
48.Rxb4 Kf5 49.Rb6 Ra5 50.Rb4 h5 51.Kf3 gxf4 52.gxf4 Rd5 53.Rb8 Rd3+ 54.
Ke2 Ke4 55.Rb6 Re3+ 56.Kd2 Kxf4 57.Rxe6 Rxe5 58.Rxa6 h4 59.Rf6+ Kg4 60.Rf1
h3 61.Kc3 Kg3 62.Rg1+ Kf2 63.Rg7 1/2-1/2

[Event "49th Bosna it"]
[Site "Sarajevo BIH"]
[Date "2019.05.01"]
[Round "7.43"]
[White "Lubura, Zoran"]
[Black "Fejzic, Danis"]
[Result "0-1"]
[WhiteElo "1798"]
[BlackElo "1539"]
[EventDate "2019.04.27"]
[PlyCount "66"]

1.d4 g6 2.Bf4 Bg7 3.Nc3 Nf6 4.e4 d6 5.h4 Nh5 6.Be3 Nf6 7.Nge2 O-O 8.f3 h5 
9.Qd2 Kh7 10.O-O-O c6 11.Nf4 b5 12.g4 b4 13.Nce2 Qa5 14.Kb1 e5 15.dxe5 
dxe5 16.Nd3 hxg4 17.Bg2 Nh5 18.Bc5 Be6 19.b3 Rd8 20.Qxb4 Qxb4 21.Bxb4 Na6 
22.Bc3 gxf3 23.Bxf3 f6 24.Rhg1 c5 25.Nb2 Nc7 26.Ba5 Rxd1+ 27.Rxd1 Nb5 28.
c4 Nd4 29.Bxh5 gxh5 30.Nxd4 exd4 31.Nd3 Rc8 32.Rf1 Bg4 33.Bd2 Be2 0-1

[Event "49th Bosna it"]
[Site "Sarajevo BIH"]
[Date "2019.05.01"]
[Round "7.44"]
[White "Haskovic, Salih"]
[Black "Beslija, Hana"]
[Result "1/2-1/2"]
[WhiteElo "1790"]
[BlackElo "1297"]
[EventDate "2019.04.27"]
[PlyCount "149"]

1.d4 d5 2.Nf3 Bf5 3.Nh4 Bg6 4.Nxg6 hxg6 5.Bf4 Nc6 6.Nc3 a6 7.a3 Nf6 8.Qd3 
e6 9.h3 Bd6 10.Bg5 Be7 11.g3 Nh7 12.Bd2 Na5 13.b3 Nc6 14.Bg2 Qd7 15.b4 Nf6
16.Bf4 Bd6 17.Bd2 Ne7 18.e4 dxe4 19.Nxe4 Nxe4 20.Qxe4 Qc6 21.Qxc6+ Nxc6 
22.Bxc6+ bxc6 23.Ke2 Kd7 24.h4 Rae8 25.Kf3 e5 26.c3 exd4 27.cxd4 Rh5 28.
Rhe1 Rf5+ 29.Kg2 Rxe1 30.Rxe1 Rd5 31.Bc3 g5 32.hxg5 Rxg5 33.Kf3 f6 34.Re2 
Rf5+ 35.Ke4 Rg5 36.Bd2 Rd5 37.Bc3 Rg5 38.Bd2 Rd5 39.Bc3 Rg5 40.Re1 Rh5 41.
Bd2 Rh8 42.Kf5 Rh2 43.Re2 Bxg3 44.Be3 Rg2 45.Ke4 Bd6 46.Re1 Ke7 47.Rc1 Kd7
48.Kf3 Rh2 49.Rd1 Rh5 50.Kg4 Rd5 51.Rh1 a5 52.Rh7 Bf8 53.Kf3 axb4 54.axb4 
Ke8 55.Ke4 Kf7 56.Bd2 Rb5 57.Rh8 Bxb4 58.Be3 Bd6 59.Ra8 c5 60.Kd5 cxd4+ 
61.Kxd4 Re5 62.Kd3 Bc5 63.Bf4 Rd5+ 64.Ke2 Bd6 65.Be3 c5 66.Rc8 g5 67.Kf3 
Ke6 68.Rc6 Kd7 69.Ra6 Be5 70.Ke4 Rd6 71.Ra7+ Kc6 72.Bxg5 fxg5 73.Kxe5 Rd5+
74.Ke4 c4 75.Ra8 1/2-1/2

[Event "49th Bosna it"]
[Site "Sarajevo BIH"]
[Date "2019.05.01"]
[Round "7.45"]
[White "Zaloznik, Vesna"]
[Black "Camdzija, Samir"]
[Result "1-0"]
[WhiteElo "1556"]
[BlackElo "1788"]
[EventDate "2019.04.27"]
[PlyCount "157"]

1.e4 c5 2.Nc3 Nc6 3.f4 e6 4.Bb5 Nge7 5.Nf3 g6 6.O-O Bg7 7.Qe1 Qb6 8.d3 Nd4
9.Ba4 Nec6 10.Bb3 Nxb3 11.axb3 d6 12.Kh1 Bd7 13.f5 O-O-O 14.Ng5 Rdf8 15.f6
Bh6 16.Nxf7 Rxf7 17.Bxh6 a6 18.Qg3 Qc7 19.Bf4 e5 20.Bh6 Nd4 21.Nd5 Qd8 22.
Rf2 Kb8 23.b4 cxb4 24.Nxb4 Rxf6 25.Bg5 Rhf8 26.Bxf6 Rxf6 27.Rxf6 Qxf6 28.
c3 Ne6 29.Nd5 Qg7 30.d4 Ka7 31.dxe5 Qxe5 32.Qe3+ Kb8 33.b4 Bc6 34.Rd1 Ng5 
35.Re1 Ne6 36.c4 g5 37.Ne7 Bd7 38.Nf5 Bc6 39.Ne7 Bd7 40.Nd5 Bc6 41.Rf1 h6 
42.h3 h5 43.g3 h4 44.gxh4 gxh4 45.Rg1 Nc7 46.Qe1 Qh5 47.Rg8+ Ne8 48.Rg4 
Bd7 49.Rxh4 Qf3+ 50.Kh2 Qb3 51.c5 dxc5 52.bxc5 Qc2+ 53.Kh1 Qxc5 54.Qg3+ 
Kc8 55.Qe1 Bc6 56.Rh5 Qd4 57.Ne7+ Kc7 58.Nxc6 Kxc6 59.Rh6+ Kc7 60.Qg3+ Nd6
61.Rh7+ Kc6 62.Rh4 Qd1+ 63.Kh2 b5 64.Qg2 Kc5 65.e5 Nc4 66.e6 Qd6+ 67.Qg3 
Qxe6 68.Qg1+ Kb4 69.Qb1+ Ka5 70.Qa2+ Kb4 71.Qd2+ Kb3 72.Qd3+ Kb4 73.Re4 
Qc6 74.h4 Qc5 75.Rd4 Ka5 76.Qd1 Qe5+ 77.Kh3 Qf5+ 78.Rg4 Ne5 79.Qd8# 1-0

[Event "49th Bosna it"]
[Site "Sarajevo BIH"]
[Date "2019.05.01"]
[Round "7.46"]
[White "Gazija, Tarik"]
[Black "Rakita, Jandrija"]
[Result "1/2-1/2"]
[WhiteElo "1494"]
[BlackElo "1689"]
[EventDate "2019.04.27"]
[PlyCount "82"]

1.e4 e5 2.Nf3 d6 3.Nc3 Be6 4.g3 h6 5.Bg2 Nf6 6.d3 Be7 7.Be3 Nc6 8.Qd2 Qd7 
9.O-O O-O 10.Rfe1 Nh7 11.Rad1 Bg4 12.Nd5 Bg5 13.Rc1 Bxe3 14.Qxe3 Bxf3 15.
Bxf3 Nd4 16.Bg2 c6 17.c3 Ne6 18.Nb4 Neg5 19.f3 Nf6 20.Re2 Qe6 21.d4 a5 22.
d5 cxd5 23.Nxd5 Nxd5 24.exd5 Qxd5 25.f4 exf4 26.gxf4 Qb5 27.fxg5 Rae8 28.
Be4 d5 29.Bd3 Qd7 30.Qf3 hxg5 31.Qh5 g6 32.Qxg5 Rxe2 33.Bxe2 Re8 34.Bd3 
Qd6 35.Rf1 Qe6 36.h4 Kh8 37.Qh6+ Kg8 38.h5 Qg4+ 39.Kh2 Qh4+ 40.Kg2 Qg4+ 
41.Kh2 Qh4+ 1/2-1/2

[Event "49th Bosna it"]
[Site "Sarajevo BIH"]
[Date "2019.05.01"]
[Round "7.47"]
[White "Bavcic, Fuad"]
[Black "Zaloznik, Gal"]
[Result "1-0"]
[WhiteElo "1681"]
[BlackElo "1304"]
[EventDate "2019.04.27"]
[PlyCount "51"]

1.d4 d5 2.c4 Nf6 3.Nc3 Bf5 4.h3 Ne4 5.Nxd5 e6 6.Nc3 Bb4 7.Bd2 Qxd4 8.Nxe4 
Bxe4 9.Bxb4 Qxc4 10.Bc3 O-O 11.Qd4 Qxd4 12.Bxd4 Nc6 13.Bc3 Rad8 14.f3 Bg6 
15.e3 Rd6 16.Bb5 Rfd8 17.Ne2 a6 18.Bxc6 Rxc6 19.O-O Rcd6 20.Rfe1 c5 21.e4 
b5 22.a3 f6 23.e5 fxe5 24.Bxe5 Rd5 25.Nf4 Rd2 26.Bc3 1-0

[Event "49th Bosna it"]
[Site "Sarajevo BIH"]
[Date "2019.05.01"]
[Round "7.48"]
[White "Tutic, Amina"]
[Black "Mrkovic, Nikola"]
[Result "1/2-1/2"]
[WhiteElo "1429"]
[BlackElo "1448"]
[EventDate "2019.04.27"]
[PlyCount "77"]

1.e4 e5 2.Nf3 Nc6 3.d4 exd4 4.Nxd4 Bc5 5.Be3 Qf6 6.c3 Nge7 7.Be2 O-O 8.O-O
Bb6 9.b4 a6 10.a4 Re8 11.Na3 Nxd4 12.Bxd4 Bxd4 13.Qxd4 Qxd4 14.cxd4 Nc6 
15.Nc2 Rxe4 16.Bf3 Re8 17.Rfe1 Kf8 18.Rxe8+ Kxe8 19.Re1+ Kf8 20.d5 Ne7 21.
Nd4 d6 22.Rc1 Bd7 23.Rxc7 Rc8 24.Rxc8+ Nxc8 25.b5 axb5 26.Nxb5 Bxb5 27.
axb5 Na7 28.Be2 Ke7 29.Bd3 Kf6 30.f4 b6 31.g4 h6 32.Kf2 Nc8 33.h4 g6 34.
g5+ Kg7 35.Kg3 Ne7 36.Be4 h5 37.Kf3 f6 38.Kg3 fxg5 39.hxg5 1/2-1/2

[Event "49th Bosna it"]
[Site "Sarajevo BIH"]
[Date "2019.05.01"]
[Round "7.50"]
[White "Hasanovic, Jakub"]
[Black "Hadziabdic, Nadja"]
[Result "1-0"]
[WhiteElo "1682"]
[BlackElo "1102"]
[EventDate "2019.04.27"]
[PlyCount "115"]

1.Nc3 Nf6 2.d4 g6 3.g3 Bg7 4.Bg2 d6 5.e4 O-O 6.Nge2 e5 7.d5 Ne8 8.O-O f5 
9.f4 a6 10.Rb1 b5 11.a3 Bd7 12.fxe5 Bxe5 13.Bf4 Bg7 14.Qd2 Nf6 15.Bh6 Rf7 
16.Bxg7 Kxg7 17.Nf4 Kh8 18.Ne6 Qc8 19.exf5 gxf5 20.Rxf5 Bxe6 21.dxe6 Qxe6 
22.Rxf6 Qxf6 23.Bxa8 c6 24.Re1 Kg7 25.Ne4 Qg6 26.Nxd6 Rf8 27.Qc3+ Kh6 28.
Qe3+ Kg7 29.Ne8+ Kg8 30.Qe6+ Qxe6 31.Rxe6 Rf7 32.Nd6 Rd7 33.Re8+ Kg7 34.
Nf5+ Kf6 35.Rf8+ Rf7 36.Rxf7+ Kxf7 37.Nd4 Ke7 38.Nxc6+ Nxc6 39.Bxc6 Kd6 
40.Be4 h6 41.h4 a5 42.g4 b4 43.axb4 axb4 44.g5 hxg5 45.hxg5 Ke5 46.g6 Kf6 
47.c3 bxc3 48.bxc3 Ke5 49.g7 Kxe4 50.g8=Q Kd3 51.Kf2 Kxc3 52.Qd5 Kb2 53.
Qc4 Ka1 54.Qb4 Ka2 55.Ke2 Ka1 56.Kd2 Ka2 57.Kc2 Ka1 58.Qb2# 1-0

[Event "49th Bosna it"]
[Site "Sarajevo BIH"]
[Date "2019.05.02"]
[Round "8.1"]
[White "Kjartansson, Gudmundur"]
[Black "Predojevic, Borki"]
[Result "0-1"]
[WhiteElo "2444"]
[BlackElo "2621"]
[EventDate "2019.04.27"]
[PlyCount "76"]

1.d4 Nf6 2.c4 e6 3.Nc3 Bb4 4.f3 c5 5.d5 O-O 6.e4 b5 7.e5 Ne8 8.f4 exd5 9.
cxd5 d6 10.Nf3 c4 11.a4 bxa4 12.Bxc4 dxe5 13.fxe5 Bg4 14.O-O Nd7 15.Bf4 
Nb6 16.Ba2 a3 17.Qb3 axb2 18.Rad1 Bxc3 19.Qxc3 Nc7 20.d6 Ne6 21.Bg3 Na4 
22.Qc4 Bxf3 23.Rxf3 Qd7 24.Qg4 Rac8 25.Be1 Rc1 26.Ra3 Rfc8 27.Bd2 R8c2 28.
Bh6 Rxd1+ 29.Qxd1 Qc6 30.Qf3 Qxf3 31.gxf3 gxh6 32.Rxa4 Rc1+ 33.Kf2 Ra1 34.
Bxe6 Rxa4 35.Bf5 Kf8 36.Ke3 Ra1 37.f4 b1=Q 38.Bxb1 Rxb1 0-1